| 000 | 00548cam a22001931 04500 | ||
|---|---|---|---|
| 001 | 45494 | ||
| 090 | _a45494 | ||
| 100 | _a19931218g19449999km y0pory5003 ba | ||
| 101 | 0 | _apor | |
| 102 | _aPT | ||
| 200 | 1 |
_aReligiões primitivas _fFlausino Torres |
|
| 210 | 9 |
_aLisboa _cEdições Cosmos, _d1944- |
|
| 215 |
_av. _cil. _d20 cm |
||
| 225 | 2 |
_aBiblioteca Cosmos _v56-57 _h3.ª Seccão. _iFilosofia e Religiões. Religiões _v4-5 |
|
| 327 | 0 | _a1<U+00BA> V.: 258, [2] p. | |
| 675 | _a21 | ||
| 700 | 1 |
_aTorres, _bFlausino, _f1906-1974 |
|
| 801 | 0 |
_aPT _bBN _gRPC |
|
| 990 | _cLIVROS | ||